000 01447nam a2200229Ia 4500
003 Ost
005 20260416102355.0
008 260416s9999||||xx |||||||||||||| ||und||
040 _cfsecg
041 _aara
082 _a352
100 _aمستور، شكري
_eمؤلف
245 0 _aنظم الحكم المحلي المقارن /
_c شكري مستور
260 _aالجزائر
_bجامعة الجزائر3: كلية العلوم الإقتصادية، العلوم التجارية وعلوم التسيير
_c2019
300 _a81 ورقة
_bايضاحات
_c30 سم
520 _aالتطور التاريخي لنظام الادارة المحلية، المركزية و اللامركزية وعلاقتهما بالادارة المحلية، الادارة المحلية: المبادئ والمقومات، الادارة المحلية: الايديولوجية؛ العاملون فيها؛ عوامل نجاح الادارة المركزية، نظام الادارة المحلية في الجزائر، أنظمة الادارة المحلية في بعض الدول (دراسة مقارنة).
653 _aالادارة المحلية
653 _aالقانون المحلي
653 _aالمركزية واللامركزية
710 _aجامعة الجزائر3: كلية العلوم الإقتصادية، العلوم التجارية وعلوم التسيير
_eناشر علمي
942 _cHANDOUT
999 _c41154
_d41154